<?xml version="1.0" encoding="UTF-8"?>
<record
    xmlns:xsi="http://www.w3.org/2001/XMLSchema-instance"
    xsi:schemaLocation="http://www.loc.gov/MARC21/slim http://www.loc.gov/standards/marcxml/schema/MARC21slim.xsd"
    xmlns="http://www.loc.gov/MARC21/slim">

  <leader>00678nam a22001577a 4500</leader>
  <controlfield tag="003">OSt</controlfield>
  <controlfield tag="005">20150922083850.0</controlfield>
  <controlfield tag="008">150922b        xxu||||| |||| 00| 0 eng d</controlfield>
  <datafield tag="040" ind1=" " ind2=" ">
    <subfield code="c">RUA</subfield>
  </datafield>
  <datafield tag="082" ind1=" " ind2=" ">
    <subfield code="a">AGR NEA 2010 B045 Or.1</subfield>
  </datafield>
  <datafield tag="100" ind1=" " ind2=" ">
    <subfield code="9">1067</subfield>
    <subfield code="a">NEANG, CHANNETH.</subfield>
  </datafield>
  <datafield tag="245" ind1=" " ind2=" ">
    <subfield code="a">effect of direct seeding mulch-based cropping system on phosphorus and potassium in the soil (&#x17A5;&#x1791;&#x17D2;&#x1792;&#x17B7;&#x1796;&#x179B;&#x1793;&#x17C3;&#x1794;&#x17D2;&#x179A;&#x1796;&#x17D0;&#x1793;&#x17D2;&#x1792;&#x178A;&#x17C6;&#x17B6;&#x178A;&#x17BB;&#x17C7;&#x179B;&#x17BE;&#x178A;&#x17C6;&#x178E;&#x17B6;&#x17C6;&#x1782;&#x17C6;&#x179A;&#x1794;&#x178A;&#x17B8;&#x179B;&#x17BE;&#x1780;&#x17C6;&#x179A;&#x17B7;&#x178F;&#x1795;&#x17BC;&#x179F;&#x17D2;&#x179C;&#x17D0;&#x179A; &#x1793;&#x17B7;&#x1784;&#x200B; &#x1794;&#x17C9;&#x17BC;&#x178F;&#x17B6;&#x179F;&#x17D2;&#x1799;&#x17BC;&#x1798;&#x1780;&#x17D2;&#x1793;&#x17BB;&#x1784;&#x178A;&#x17B8; )</subfield>
  </datafield>
  <datafield tag="260" ind1=" " ind2=" ">
    <subfield code="a">Phnom Penh</subfield>
    <subfield code="b">RUA</subfield>
    <subfield code="c">2010</subfield>
  </datafield>
  <datafield tag="300" ind1=" " ind2=" ">
    <subfield code="a">ix, 40p.</subfield>
    <subfield code="b">ill.</subfield>
    <subfield code="c">29cm.</subfield>
  </datafield>
  <datafield tag="942" ind1=" " ind2=" ">
    <subfield code="2">ddc</subfield>
    <subfield code="c">AGR</subfield>
  </datafield>
  <datafield tag="999" ind1=" " ind2=" ">
    <subfield code="c">1023</subfield>
    <subfield code="d">1023</subfield>
  </datafield>
  <datafield tag="952" ind1=" " ind2=" ">
    <subfield code="0">0</subfield>
    <subfield code="1">0</subfield>
    <subfield code="2">ddc</subfield>
    <subfield code="4">0</subfield>
    <subfield code="6">AGR_NEA_2010_000000000000000_B045_OR_1</subfield>
    <subfield code="7">0</subfield>
    <subfield code="9">4190</subfield>
    <subfield code="a">LBB</subfield>
    <subfield code="b">LBB</subfield>
    <subfield code="c">B045</subfield>
    <subfield code="d">2015-09-22</subfield>
    <subfield code="l">3</subfield>
    <subfield code="m">1</subfield>
    <subfield code="o">AGR NEA 2010 B045 Or.1</subfield>
    <subfield code="p">RUA006152</subfield>
    <subfield code="r">2016-12-14</subfield>
    <subfield code="s">2016-10-26</subfield>
    <subfield code="w">2015-09-22</subfield>
    <subfield code="y">AGR</subfield>
  </datafield>
  <datafield tag="952" ind1=" " ind2=" ">
    <subfield code="0">0</subfield>
    <subfield code="1">0</subfield>
    <subfield code="2">ddc</subfield>
    <subfield code="4">0</subfield>
    <subfield code="6">AGR_NEA_2010_000000000000000_B045_OR_2</subfield>
    <subfield code="7">0</subfield>
    <subfield code="9">4191</subfield>
    <subfield code="a">LBB</subfield>
    <subfield code="b">LBB</subfield>
    <subfield code="c">B045</subfield>
    <subfield code="d">2015-09-22</subfield>
    <subfield code="o">AGR NEA 2010 B045 Or.2</subfield>
    <subfield code="p">RUA006151</subfield>
    <subfield code="r">2015-09-22</subfield>
    <subfield code="w">2015-09-22</subfield>
    <subfield code="y">AGR</subfield>
  </datafield>
  <datafield tag="952" ind1=" " ind2=" ">
    <subfield code="0">0</subfield>
    <subfield code="1">0</subfield>
    <subfield code="2">ddc</subfield>
    <subfield code="4">0</subfield>
    <subfield code="6">AGR_NEA_2010_000000000000000_B045_OR_3</subfield>
    <subfield code="7">0</subfield>
    <subfield code="9">4192</subfield>
    <subfield code="a">LBB</subfield>
    <subfield code="b">LBB</subfield>
    <subfield code="c">B045</subfield>
    <subfield code="d">2015-09-22</subfield>
    <subfield code="l">1</subfield>
    <subfield code="o">AGR NEA 2010 B045 Or.3</subfield>
    <subfield code="p">RUA006625</subfield>
    <subfield code="r">2022-12-27</subfield>
    <subfield code="s">2022-12-14</subfield>
    <subfield code="w">2015-09-22</subfield>
    <subfield code="y">AGR</subfield>
  </datafield>
  <datafield tag="952" ind1=" " ind2=" ">
    <subfield code="0">0</subfield>
    <subfield code="1">0</subfield>
    <subfield code="2">ddc</subfield>
    <subfield code="4">0</subfield>
    <subfield code="6">AGR_NEA_2010_000000000000000_B045_OR_4</subfield>
    <subfield code="7">0</subfield>
    <subfield code="9">4193</subfield>
    <subfield code="a">LBB</subfield>
    <subfield code="b">LBB</subfield>
    <subfield code="c">B045</subfield>
    <subfield code="d">2015-09-22</subfield>
    <subfield code="l">3</subfield>
    <subfield code="o">AGR NEA 2010 B045 Or.4</subfield>
    <subfield code="p">RUA006571</subfield>
    <subfield code="r">2025-07-04</subfield>
    <subfield code="s">2025-06-12</subfield>
    <subfield code="w">2015-09-22</subfield>
    <subfield code="y">AGR</subfield>
  </datafield>
  <datafield tag="952" ind1=" " ind2=" ">
    <subfield code="0">0</subfield>
    <subfield code="1">0</subfield>
    <subfield code="2">ddc</subfield>
    <subfield code="4">0</subfield>
    <subfield code="6">AGR_NEA_2010_000000000000000_B045_OR_5</subfield>
    <subfield code="7">0</subfield>
    <subfield code="9">4588</subfield>
    <subfield code="a">LBB</subfield>
    <subfield code="b">LBB</subfield>
    <subfield code="c">B045</subfield>
    <subfield code="d">2015-09-23</subfield>
    <subfield code="l">1</subfield>
    <subfield code="o">AGR NEA 2010 B045 Or.5</subfield>
    <subfield code="p">RUA000511</subfield>
    <subfield code="r">2016-06-14</subfield>
    <subfield code="s">2016-05-26</subfield>
    <subfield code="w">2015-09-23</subfield>
    <subfield code="y">AGR</subfield>
  </datafield>
  <datafield tag="952" ind1=" " ind2=" ">
    <subfield code="0">0</subfield>
    <subfield code="1">0</subfield>
    <subfield code="2">ddc</subfield>
    <subfield code="4">0</subfield>
    <subfield code="6">AGR_NEA_2010_000000000000000_B045_OR_6</subfield>
    <subfield code="7">0</subfield>
    <subfield code="9">4589</subfield>
    <subfield code="a">LBB</subfield>
    <subfield code="b">LBB</subfield>
    <subfield code="c">B045</subfield>
    <subfield code="d">2015-09-23</subfield>
    <subfield code="l">2</subfield>
    <subfield code="m">1</subfield>
    <subfield code="o">AGR NEA 2010 B045 Or.6</subfield>
    <subfield code="p">RUA000433</subfield>
    <subfield code="r">2020-05-12</subfield>
    <subfield code="s">2020-03-06</subfield>
    <subfield code="w">2015-09-23</subfield>
    <subfield code="y">AGR</subfield>
  </datafield>
  <datafield tag="952" ind1=" " ind2=" ">
    <subfield code="0">0</subfield>
    <subfield code="1">0</subfield>
    <subfield code="2">ddc</subfield>
    <subfield code="4">0</subfield>
    <subfield code="6">AGR_NEA_2010_000000000000000_B045_OR_7</subfield>
    <subfield code="7">0</subfield>
    <subfield code="9">4590</subfield>
    <subfield code="a">LBB</subfield>
    <subfield code="b">LBB</subfield>
    <subfield code="c">B045</subfield>
    <subfield code="d">2015-09-23</subfield>
    <subfield code="o">AGR NEA 2010 B045 Or.7</subfield>
    <subfield code="p">RUA000361</subfield>
    <subfield code="r">2015-09-23</subfield>
    <subfield code="w">2015-09-23</subfield>
    <subfield code="y">AGR</subfield>
  </datafield>
  <datafield tag="952" ind1=" " ind2=" ">
    <subfield code="0">0</subfield>
    <subfield code="1">0</subfield>
    <subfield code="2">ddc</subfield>
    <subfield code="4">0</subfield>
    <subfield code="6">AGR_NEA_2010_000000000000000_B045_OR_8</subfield>
    <subfield code="7">0</subfield>
    <subfield code="9">64208</subfield>
    <subfield code="a">LBB</subfield>
    <subfield code="b">LBB</subfield>
    <subfield code="c">B045</subfield>
    <subfield code="d">2017-08-23</subfield>
    <subfield code="l">1</subfield>
    <subfield code="o">AGR NEA 2010 B045 Or.8</subfield>
    <subfield code="p">A26466</subfield>
    <subfield code="r">2025-07-18</subfield>
    <subfield code="s">2025-07-02</subfield>
    <subfield code="w">2017-08-23</subfield>
    <subfield code="y">AGR</subfield>
  </datafield>
  <datafield tag="952" ind1=" " ind2=" ">
    <subfield code="0">0</subfield>
    <subfield code="1">0</subfield>
    <subfield code="2">ddc</subfield>
    <subfield code="4">0</subfield>
    <subfield code="6">AGR_NEA_2010_000000000000000_B045_OR_8</subfield>
    <subfield code="7">0</subfield>
    <subfield code="9">64209</subfield>
    <subfield code="a">LBB</subfield>
    <subfield code="b">LBB</subfield>
    <subfield code="c">B045</subfield>
    <subfield code="d">2017-08-23</subfield>
    <subfield code="o">AGR NEA 2010 B045 Or.8</subfield>
    <subfield code="p">A26594</subfield>
    <subfield code="r">2017-08-23</subfield>
    <subfield code="w">2017-08-23</subfield>
    <subfield code="y">AGR</subfield>
  </datafield>
</record>
